Regulácia prirodzených monopolov v SR a ČR

Dokonalá konkurencia a monopol - krajné prípady, medzi ktorými sa nachádzajú trhové štruktúry s rôznym stupňom dokonalej konkurencie. Vývoj v oblasti regulácie prirodzených monopolov v Slovenskej republike. Regulácia prirodzených monopolov v súčasnosti. Úrad pre reguláciu v sieťových odvetviach. Výv...

Descrizione completa

Salvato in:
Dettagli Bibliografici
Autore principale: Michalcová, Zuzana, 1984-
Natura: Capitolo di libro
Lingua:slovacco
Soggetti:
Tags: Aggiungi Tag
Nessun Tag, puoi essere il primo ad aggiungerne!!

MARC

LEADER 00000nla$a2200000$$$4500
001 0111133
005 20240502083256.9
041 0 |a slo 
044 |a CZ 
245 1 0 |a Regulácia prirodzených monopolov v SR a ČR  |c Zuzana Michalcová 
520 |a Dokonalá konkurencia a monopol - krajné prípady, medzi ktorými sa nachádzajú trhové štruktúry s rôznym stupňom dokonalej konkurencie. Vývoj v oblasti regulácie prirodzených monopolov v Slovenskej republike. Regulácia prirodzených monopolov v súčasnosti. Úrad pre reguláciu v sieťových odvetviach. Vývoj regulácie prirodzených monopolov v Českej republike. 
610 2 0 |a monopoly prirodzené 
610 2 0 |a odvetvia sieťové 
610 2 0 |a regulácia 
610 2 0 |a legislatíva 
610 2 0 |a Česko 
610 2 0 |a Slovensko 
100 1 |a Michalcová, Zuzana, 1984-